Die Konsumvereine in Rußland : Mit Einem Geleitwort Von Robert Wilbrandt. Untersuchungen über Konsumvereine. Hrsg. Von Carl Johannes Fuchs - Robert Wilbrandt. Die Konsumvereinsbewegung in Den Einzelnen ländern. Zweiter Teil. (Schriften des Vereins Für Sozialpolitik 150-II).

Bibliographic Details
Main Author: Fuchs, Carl Johannes.
Other Authors: Wilbrandt, Robert., Totomianz, Vachan.
Format: eBook
Language:German
Published: Berlin : Duncker & Humblot, 2014.
Edition:1st ed.
Series:Duncker and Humblot Reprints Series
Subjects:
Online Access:Click to View
LEADER 02337nam a22004213i 4500
001 EBC7101378
003 MiAaPQ
005 20240729202204.0
006 m o d |
007 cr cnu||||||||
008 240729s2014 xx o ||||0 ger d
020 |a 9783428574599  |q (electronic bk.) 
020 |z 9783428174591 
035 |a (MiAaPQ)EBC7101378 
035 |a (Au-PeEL)EBL7101378 
035 |a (OCoLC)1347025169 
040 |a MiAaPQ  |b eng  |e rda  |e pn  |c MiAaPQ  |d MiAaPQ 
100 1 |a Fuchs, Carl Johannes. 
245 1 4 |a Die Konsumvereine in Rußland :  |b Mit Einem Geleitwort Von Robert Wilbrandt. Untersuchungen über Konsumvereine. Hrsg. Von Carl Johannes Fuchs - Robert Wilbrandt. Die Konsumvereinsbewegung in Den Einzelnen ländern. Zweiter Teil. (Schriften des Vereins Für Sozialpolitik 150-II). 
250 |a 1st ed. 
264 1 |a Berlin :  |b Duncker & Humblot,  |c 2014. 
264 4 |c {copy}1922. 
300 |a 1 online resource (71 pages) 
336 |a text  |b txt  |2 rdacontent 
337 |a computer  |b c  |2 rdamedia 
338 |a online resource  |b cr  |2 rdacarrier 
490 1 |a Duncker and Humblot Reprints Series 
505 0 |a Intro -- Geleitwort -- Fünfundzwanzig Jahre Genossenschafter -- Erstes Kapitel. Die Konsumvereine in Rußland -- I. -- II. -- III. -- Zweites Kapitel. Das russische Genossenschaftswesen während des Krieges und der Revolution -- Drittes Kapitel. Das russische Genossenschastswesen im Jahre 1918 -- Viertes Kapitel. Die Tätigkeit des russischen Genossenschaftswesens auf dem Gebiete des Volksunterrichts -- Fünftes Kapitel. Das Genossenschaftswesen in Sowjetrußland. 
588 |a Description based on publisher supplied metadata and other sources. 
590 |a Electronic reproduction. Ann Arbor, Michigan : ProQuest Ebook Central, 2024. Available via World Wide Web. Access may be limited to ProQuest Ebook Central affiliated libraries.  
655 4 |a Electronic books. 
700 1 |a Wilbrandt, Robert. 
700 1 |a Totomianz, Vachan. 
700 1 |a Wilbrandt, Robert. 
776 0 8 |i Print version:  |a Fuchs, Carl Johannes  |t Die Konsumvereine in Rußland  |d Berlin : Duncker & Humblot,c2014  |z 9783428174591 
797 2 |a ProQuest (Firm) 
830 0 |a Duncker and Humblot Reprints Series 
856 4 0 |u https://ebookcentral.proquest.com/lib/matrademy/detail.action?docID=7101378  |z Click to View